All Avengers characters - Statistics

General Stats
  • This quiz has been taken 91 times
    74 since last reset
  • The average score is 26 of 38
Answer Stats
Hint Answer % Correct
playboy, billionaire, genius, philanthropist ironman
100%
super soldier from the 40's captain america
89%
Archer hawkeye
85%
God of thunder thor
85%
The tiny avenger ant man
84%
King of Wakanda black panther
84%
Green Rage Monster hulk
84%
Assassin black widow
80%
"I am groot" groot
80%
Avengers with wings falcon
78%
God of mischeif loki
78%
love interest of ↑ Pepper
76%
Web slinger spiderman
76%
Sorcerer Supreme doctor strange
75%
Daughter of Thanos gamora
75%
Best friend of ↑ winter soldier
73%
Lead guardian star lord
71%
Partner of ↑ wasp
71%
Sister of ↑, has mind control powers scarlet witch
69%
Avenger crated by the mind stone vision
69%
Creator of the avengers nick fury
65%
friend of ↑ rocket
65%
Avengers 3 + 4 villan thanos
65%
Other Daughter of Thanos nebula
64%
Avenger with super speed quick silver
64%
Original love interest of Steve peggy carter
62%
Sister of ↑ shuri
60%
Co Worker of ↑ wong
60%
strongest guardian drax
58%
Avenger who is mostly in Space captain marvel
53%
wakandan okoye
53%
Avengers 2 villan ultron
53%
Sister of ↑ yelena
51%
Daughter of ego mantis
49%
Partner of ↑ maria hill
49%
New Partner of Hawkeye Kate Bishop
44%
Best friend of Peter Parker Ned leeds
33%
Love interest of Peter parker Michelle Jones
25%
No matching quizzes found
Score Distribution
Percent of People with Each Score
Percentile by Number Answered
Your Score History
You have not taken this quiz since the last reset